000 00708naa a22002417a 4500
001 BR8706822
003 BR-BrBNA
005 20250721154527.0
007 ta
008 250630b bl.|||m| |||| 00| 0 por d
040 _aBR-BrBNA
_bpor
_cBiblioteca Nacional de Agricultura
041 _a(Pt)
072 _aN10; F01
_b3304
090 _aN10 BR8706822
100 1 _aAnon.
245 1 _aTela circular para Plantas Trepadeiras
500 _aOs Filhos da Terra Rio de Janeiro, RJ (Brasil): 1981. p. 22-23 (BR8706822-AMS)
650 _aTREPADEIRA
650 _aEQUIPAMENTO AGRICOLA
490 _aCada Cabeca e um Mundo (Brazil)
_vno. 15
942 _cAMS
_2AGRIS
909 _a202506
_bLúcia
_c55
_dLúcia Elande
999 _c335382
_d335382